| 000 | 00918nam a22001937a 4500 | ||
|---|---|---|---|
| 003 | BD-DhUL | ||
| 005 | 20161018143415.0 | ||
| 008 | 161018b xxu||||| |||| 00| 0 eng d | ||
| 040 | _cBD-DhUL | ||
| 082 |
_a891.23 _bBIP |
||
| 100 | _aবিষ্ণূশর্মা | ||
| 245 |
_aপঞ্চতন্ত্রম : _cবিষ্ণূশর্মা _b অপরীক্ষিতকারকম (মূল, বিসন্ধি, অন্বয়, বঙ্গানুবাদ, টিপ্পনী, ভুমিকাসহ) / |
||
| 260 |
_aকলিকাতা : _bসংস্কৃত পুস্তক ভান্ডার, _c১৯৯৬. |
||
| 300 |
_a৯২ পৃ. ; _c২০ সেমি. |
||
| 650 |
_aইতিহাস _xHistory |
||
| 700 | _aঋতা চট্টোপাধ্যায় | ||
| 700 | _aবাসন্তী চট্টোপাধ্যায় | ||
| 942 |
_2ddc _cBK |
||
| 999 |
_c110870 _d110870 |
||